Представление документа в формате RUSMARC

ПолеНазваниеЗначение
  Тип записи c
  Библиографический уровень m
001 Контрольный номер RU/УОНБ/EK_N/445704733
005 Дата корректировки 20240131000421.5
010 Индекс ISBN __
9 Тираж 20000 экз.
013 Номер (ISMN) __
d Цена 1 р. 50 к.
100 Данные общей обработки __
a Данные общей обработки 20140214d1983 c y0rusy0189 ca
101 Язык документа 0_
a Язык текста rus
f Язык титульного листа rus
102 Страна публикации __
a Страна публикации RU
105 Кодированные данные (монография) __
a Кодированные данные (монография) y###||||000|y
125 Кодированные данные звукозаписи и нотных изданий __
a Форма изложения нотного текста z|
128 Кодированные данные (звукозаписи-физические характеристики) __
a Кодированные данные: Музыкальная форма и тональность или лад zz
c Инструменты или голоса, рекомендуемые для солистов (устаревшее) vu||
200 Заглавие и сведения об ответственности 1_
a Заглавие Кн. 2
210 Выходные данные 1_
d Дата издания 1983
215 Физическое описание __
a Объем 143
c Иллюстрации/тип воспроизводства цв. ил.
461 Уровень набора _0
1 2001
a Музыкальная грамота
b [Ноты]
e для детей
e в 2-х кн.
f А. Барабошкина и Н. Боголюбова
g под ред. А. Л. Островского
g худож. И. Чернов
v Кн. 2
1 2101
a Л.
c Музыка
d 1983
1 001RU/УОНБ/EK_N/445702812
512 Заглавие обложки 1_
a Заглавие обложки Музыкальная грамота
606 Тематические рубрики 0_
a Основная рубрика Учебные пособия
610 Ключевые слова 0_
a Ключевые слова учебные пособия
686 Индексы других классификаций __
a Классификационный индекс 85.98я71
2 Код системы rubbk
801 Источник записи _0
a Страна RU
b Организация Ульяновская ОНБ
c Дата составления 20140214
g Правила каталогизации RCR
801 Источник записи _1
a Страна RU
b Организация Ульяновская ОНБ
c Дата составления 20140214
g Правила каталогизации RCR
901 Тип документа __
t Тип документа n
w Контрольный № источника RU/УОНБ/EK_N/445702812
909 Создатель записи __
a Создатель записи Лобина Л. И.
938 Служебная информация __
a Имя БД noti
b Имя библиотеки УОНБ
c Имя АИБС МАРК-SQL
d Номер DOC_ID в БД 12012